[Event "Buenos Aires ol (Women)"]
[Site "Buenos Aires"]
[Date "1978.??.??"]
[Round "?"]
[White "Gaprindashvili, Nona"]
[Black "Fischdick, Gisela"]
[Result "1-0"]
[WhiteElo "2425"]
[BlackElo "2195"]

1.e4 c5 2.Nf3 e6 3.d4 cxd4 4.Nxd4 Nf6 5.Nc3 Nc6 6.Ndb5 d6 7.Bf4 e5 8.Bg5 a6
9.Na3 b5 10.Bxf6 gxf6 11.Nd5 f5 12.Bd3 Be6 13.O-O Bg7 14.Qh5 Rb8 15.Rfd1 f4
16.c4 b4 17.Nc2 O-O 18.a3 bxa3 19.b4 Qd7 20.Rdb1 Qa7 21.Rxa3 Nd4 22.Nxd4 Qxd4
23.Ne7+ Kh8 24.Nc6 Qb6 25.Nxb8 Rxb8 26.Qd1 Ra8 27.Qc2 Bf8 28.Qc3 Be7 29.Ra5 f6
30.b5 Bd8 31.Rxa6 Rxa6 32.bxa6 Qxa6 33.Rb8 Bc8 34.c5 Qc6 35.Qb3 Kg7 36.Qb5 Qc7  1-0

[Event "Dortmund"]
[Site "Dortmund"]
[Date "1978.??.??"]
[Round "1"]
[White "Gaprindashvili, Nona"]
[Black "Gipslis, Aivars"]
[Result "1/2-1/2"]
[WhiteElo "2425"]
[BlackElo "2525"]

1.e4 e5 2.Nf3 Nc6 3.Bb5 a6 4.Bxc6 dxc6 5.O-O f6 6.d4 Bg4 7.dxe5 Qxd1 8.Rxd1 fxe5
9.Rd3 Bxf3 10.Rxf3 Nf6 11.Nc3 Bb4 12.Bg5 Bxc3 13.Rxc3 Nxe4 14.Re3 Nxg5 15.Rxe5+ Kf7
16.Rxg5 Rhd8  1/2-1/2

[Event "Dortmund"]
[Site "Dortmund"]
[Date "1978.??.??"]
[Round "9"]
[White "Gaprindashvili, Nona"]
[Black "Borngaesser, Rene"]
[Result "1/2-1/2"]
[WhiteElo "2425"]
[BlackElo "2370"]

1.e4 e6 2.d4 d5 3.Nc3 Nc6 4.e5 f6 5.Bb5 a6 6.Bxc6+ bxc6 7.Nf3 c5 8.O-O cxd4
9.Qxd4 c5 10.Qh4 f5 11.Bg5 Qd7 12.Ne2 Ne7 13.Nf4 Kf7 14.Rad1 Rb8 15.b3 Kg8
16.Qg3 Qe8 17.c3 a5 18.h4 Qc6 19.h5 Kf7 20.Bh4 Rb7 21.Rfe1 Ke8 22.Qg5 Rg8
23.Qg3 Rh8 24.h6 gxh6 25.Nh5 Ng6 26.Bf6 Rg8 27.Nd2 Kf7 28.Qf3 Bd7 29.g3 Rb6
30.Kh2 Bc8 31.Nf1 Ke8 32.Ne3 Bb7 33.Rd2 Qb5 34.Qd1 Qc6 35.Rg1 Ba8 36.g4 fxg4
37.Rxg4 Rb7 38.f4 Rd7 39.f5 exf5 40.Nxf5 Qe6 41.Rf2 d4 42.cxd4 cxd4 43.Rxd4 Nxe5
44.Rxd7 Ng4+ 45.Qxg4 Rxg4 46.Rd8+ Kf7 47.Rxa8 Qe1 48.Rxf8+ Kxf8 49.Be7+ Kf7
50.Nxh6+ Kg6 51.Nxg4 Kxh5 52.Nf6+ Kg6 53.Rg2+ Kf7 54.Ng8 Qe5+ 55.Rg3 Qh5+
56.Kg2 Qd5+ 57.Kg1 Qd1+  1/2-1/2

[Event "Dortmund"]
[Site "Dortmund"]
[Date "1978.??.??"]
[Round "11"]
[White "Keene, Raymond D"]
[Black "Gaprindashvili, Nona"]
[Result "1/2-1/2"]
[WhiteElo "2480"]
[BlackElo "2425"]

1.Nf3 g6 2.c4 Bg7 3.d4 d6 4.Nc3 Nd7 5.e4 e5 6.Be2 c6 7.O-O Nh6 8.c5 dxc5
9.dxe5 Qc7 10.Qd6 Qxd6 11.exd6 O-O 12.a4 Kh8 13.Rd1 b6 14.Bc4 Bb7 15.Bg5 f6
16.Bxh6 Bxh6 17.Be6 Rad8 18.a5 Rfe8 19.Bf7 Rf8 20.Be6 Rfe8 21.Bf7 Rf8  1/2-1/2

[Event "URS-ch (Women)"]
[Site "Tbilisi"]
[Date "1979.??.??"]
[Round "3"]
[White "Gaprindashvili, Nona"]
[Black "Grinfeld, Alla B"]
[Result "1-0"]
[WhiteElo "2405"]
[BlackElo "2215"]

1.e4 c6 2.d4 d5 3.Nd2 dxe4 4.Nxe4 Nf6 5.Nxf6+ gxf6 6.c3 Qd5 7.Ne2 Nd7 8.Nf4 Qa5
9.Bc4 Nb6 10.Bb3 Bh6 11.O-O Bxf4 12.Bxf4 Qf5 13.Bg3 Be6 14.Re1 Nd5 15.c4 Nb6
16.Qe2 Qg4 17.Qe3 O-O 18.h3 Qg6 19.Rac1 Rac8 20.a4 Qh5 21.Bd1 Qg6 22.b3 Rfe8
23.Bf3 Qg5 24.Bf4 Qa5 25.Bh6 Kh8 26.Qf4 Rg8 27.Kh1 Rce8 28.Qh4 f5 29.d5 cxd5
30.Qd4+  1-0

[Event "URS-ch (Women)"]
[Site "Tbilisi"]
[Date "1979.??.??"]
[Round "4"]
[White "Fatalibekova, Elena"]
[Black "Gaprindashvili, Nona"]
[Result "0-1"]
[WhiteElo "2290"]
[BlackElo "2405"]

1.e4 c5 2.Nf3 Nc6 3.d4 cxd4 4.Nxd4 Nf6 5.Nc3 e6 6.Ndb5 d6 7.Bf4 e5 8.Bg5 a6
9.Na3 b5 10.Bxf6 gxf6 11.Nd5 f5 12.Bd3 Be6 13.Qh5 Bg7 14.O-O f4 15.c4 bxc4
16.Bxc4 O-O 17.Nc3 Nd4 18.Ne2 Kh8 19.Nxd4 exd4 20.Bd3 Be5 21.Nc4 Qf6 22.Nxd6 Rg8
23.Nf5 Rg5 24.Qh6 Rxf5 25.Qxf6+ Rxf6 26.Rfc1 Rg6 27.Rc5 f6 28.Kf1 Rag8 29.g3 Rh6
30.Kg2 Rhg6 31.Bxa6 fxg3 32.hxg3 Bxg3 33.fxg3 Rxg3+ 34.Kf2 Rg2+ 35.Ke1 Rxb2
36.Bf1 Rg1  0-1

[Event "URS-ch (Women)"]
[Site "Tbilisi"]
[Date "1979.??.??"]
[Round "5"]
[White "Gaprindashvili, Nona"]
[Black "Semenova, Lidia K"]
[Result "1-0"]
[WhiteElo "2405"]
[BlackElo "2245"]

1.e4 c5 2.Nf3 Nc6 3.d4 cxd4 4.Nxd4 Nf6 5.Nc3 d6 6.Bg5 e6 7.Qd2 h6 8.Bxf6 gxf6
9.O-O-O a6 10.f4 Bd7 11.Kb1 b5 12.Nxc6 Bxc6 13.Bd3 Qb6 14.f5 Qc5 15.Rhf1 Be7
16.Ne2 d5 17.exd5 exd5 18.Nc1 O-O-O 19.Nb3 Qb6 20.Be2 Bd6 21.Bh5 Rd7 22.Na5 Ba8
23.Nb3 Bxh2 24.Bf3 Kb8 25.Rh1 Qd6 26.Nc5 Ra7 27.Nd3 Rc7 28.g4 Be5 29.Rxh6 Rhc8
30.Rc1 Bb7 31.g5 Qd7 32.Bg2 Re8 33.Re1 Rcc8 34.g6 fxg6 35.fxg6 Qg7 36.Bh3 Rh8
37.Bxc8 Rxh6 38.Bxb7 Rh2 39.Qd1 Qxb7 40.Nxe5 fxe5 41.Rxe5 Rh8 42.Rxd5  1-0

[Event "URS-ch (Women)"]
[Site "Tbilisi"]
[Date "1979.??.??"]
[Round "6"]
[White "Gaprindashvili, Nona"]
[Black "Belavenets, Liudmila"]
[Result "1-0"]
[WhiteElo "2405"]
[BlackElo "2130"]

1.e4 c5 2.Nf3 e6 3.d4 cxd4 4.Nxd4 Nf6 5.Nc3 d6 6.Be2 Be7 7.O-O O-O 8.f4 Nc6
9.Kh1 a6 10.Nxc6 bxc6 11.e5 dxe5 12.fxe5 Qxd1 13.Rxd1 Nd7 14.Bf4 Rd8 15.Ne4 Rb8
16.b3 a5 17.Bf3 Bb7 18.Nd6 Ba8 19.Nc4 a4 20.Bd2 Nc5 21.Ba5 Rxd1+ 22.Rxd1 axb3
23.axb3 Kf8 24.Bc7 Rc8 25.Bd6 Nd7 26.Ra1 Bb7 27.Kg1 Ra8 28.Rxa8+ Bxa8 29.Kf2 Ke8
30.b4 Bxd6 31.exd6 Nf6 32.Nb6 Bb7 33.c4 e5 34.Ke3 e4 35.Be2 Ba6 36.Kd4 Nd7
37.Na8 Bb7 38.Nc7+ Kd8 39.c5 f5 40.Ne6+ Ke8 41.Nxg7+  1-0

[Event "URS-ch (Women)"]
[Site "Tbilisi"]
[Date "1979.??.??"]
[Round "8"]
[White "Gaprindashvili, Nona"]
[Black "Popivoda, Radimia"]
[Result "1/2-1/2"]
[WhiteElo "2405"]
[BlackElo "2000"]

1.e4 c5 2.Nf3 e6 3.d4 cxd4 4.Nxd4 Nf6 5.Nc3 Nc6 6.Nxc6 bxc6 7.Bd3 d5 8.O-O Be7
9.Qe2 O-O 10.b3 d4 11.e5 dxc3 12.exf6 Bxf6 13.Qe4 g6 14.Bh6 Re8 15.Qxc6 Bd7
16.Qf3 Rc8 17.Rfd1 Bc6 18.Be4 Bxe4 19.Qxe4 Qc7 20.Rd3 Red8 21.Rad1 Rxd3 22.Rxd3 Rd8
23.g3 Rxd3 24.Qxd3 Bg7 25.Bg5 f6 26.Be3 f5 27.a4 a5 28.Bg5 Be5 29.Qd8+ Kf7
30.Bf6 Qc5 31.Bg5 Qc7 32.Kf1 Qb7 33.Qd3 Qc6 34.Ke2 Bf6 35.Be3 Be7 36.f3 Bb4
37.Bd4 Ke7 38.Qc4 Qxc4+ 39.bxc4 Kd6 40.f4 Kc6 41.Kd3 Be7 42.Bxc3 Bd8 43.Bg7 Bb6
44.Bd4 Bd8 45.Bc3 Kc5 46.Bd4+ Kc6 47.Be3 Bf6 48.Bd2 Bd8 49.h4 h5 50.Bc3 Bb6
51.Be1 Bd8 52.Bf2 Bf6 53.Bd4 Bd8 54.Ba7 Kb7 55.Bc5 Kc6 56.Bf8 Bf6 57.Bh6 Bd8
58.Bg7 Bb6 59.Bd4 Bd8 60.c5 Kd5 61.c4+ Kc6 62.Bg7 Kxc5 63.Bf8+ Kc6 64.c5 Kd5
65.Bd6 Bf6 66.Bc7 Kxc5 67.Bxa5 e5 68.fxe5 Bxe5 69.Be1 Bc7 70.Ke3 Bd6 71.Kf3 Bc7
72.Bd2 Kb6 73.Bf4 Bd8 74.Ke3 Kc5 75.Kd3 Ba5 76.Be3+ Kd5 77.Bd2 Bc7 78.Bf4 Ba5
79.Ke3 Bd8 80.Kf3 Kc6 81.Be3 Bc7 82.Bf2 Kd5 83.Be1 Kc6 84.Ke3 Bd6 85.a5 Kb5
86.Kf3 Bc7 87.Bd2 Ka6  1/2-1/2

[Event "URS-ch (Women)"]
[Site "Tbilisi"]
[Date "1979.??.??"]
[Round "9"]
[White "Muchnik, Larisa l"]
[Black "Gaprindashvili, Nona"]
[Result "1/2-1/2"]
[WhiteElo "2000"]
[BlackElo "2405"]

1.e4 g6 2.d4 Bg7 3.Nc3 d6 4.g3 Nf6 5.Bg2 Nbd7 6.Nge2 c5 7.O-O cxd4 8.Nxd4 O-O
9.h3 a6 10.Be3 Nb6 11.b3 Qc7 12.Qd2 e5 13.Nde2 Be6 14.Rfd1 Rad8 15.Nd5 Bxd5
16.exd5 Nbd7 17.c4 Nh5 18.g4 Nhf6 19.Rac1 Rfe8 20.Ng3 Nf8 21.b4 b6 22.c5 bxc5
23.bxc5 dxc5 24.Rxc5 Qd7 25.g5 Nh5 26.Nxh5 gxh5 27.Qe2 Ne6 28.Ra5 Nf4 29.Bxf4 exf4
30.Qxh5 Qd6 31.Ra4 Re5 32.Qg4 Qe7 33.h4 Re1+ 34.Bf1 Rxd1 35.Qxd1 Qe5 36.Bg2 Bf8
37.Rxa6 Bd6 38.Bf3 h6 39.Qe2 Qg7 40.Bh5 hxg5 41.hxg5 Qxg5+ 42.Qg4 Qxg4+ 43.Bxg4 Kg7
44.Rc6 Kf6 45.Bf3 Ke5 46.Rc4 Rb8 47.Rc2 Rb1+ 48.Kg2 Re1 49.Rd2 Bb4 50.Rb2 Bd6
51.Rc2 Kd4 52.a4 Ra1 53.Rc6 Ke5 54.Rc4 Ra3 55.Re4+ Kf5 56.Rc4 Ke5 57.Re4+ Kf5
58.Rd4 Ke5  1/2-1/2

[Event "URS-ch (Women)"]
[Site "Tbilisi"]
[Date "1979.??.??"]
[Round "10"]
[White "Gaprindashvili, Nona"]
[Black "Alexandria, Nana"]
[Result "1-0"]
[WhiteElo "2405"]
[BlackElo "2340"]

1.d4 Nf6 2.Nf3 c5 3.c4 cxd4 4.Nxd4 e6 5.g3 Qc7 6.Nd2 Nc6 7.Nb5 Qb8 8.Bg2 a6
9.Nc3 b5 10.O-O Be7 11.a3 O-O 12.b4 Bb7 13.cxb5 axb5 14.Nb3 Ne5 15.Bxb7 Qxb7
16.Na5 Qa6 17.Bf4 Ng6 18.Qd3 Nxf4 19.gxf4 Rfb8 20.Nb3 Rb6 21.Nd4 Rab8 22.Rfc1 Nh5
23.e3 Bf6 24.Ne4 d6 25.Ra2 e5 26.fxe5 dxe5 27.Nf5 Qa8 28.Rac2 Rd8 29.Nxf6+ Nxf6
30.Rc8  1-0

[Event "URS-ch (Women)"]
[Site "Tbilisi"]
[Date "1979.??.??"]
[Round "11"]
[White "Akhmilovskaya, Elena"]
[Black "Gaprindashvili, Nona"]
[Result "0-1"]
[WhiteElo "2295"]
[BlackElo "2405"]

1.e4 g6 2.d4 Bg7 3.Nf3 d6 4.Bc4 e6 5.Qe2 Ne7 6.O-O b6 7.Nc3 a6 8.Bf4 h6 9.h4 Nd7
10.Bd3 Bb7 11.Rad1 Qc8 12.Rfe1 b5 13.e5 Bxf3 14.Qxf3 d5 15.a4 b4 16.Na2 c5
17.dxc5 Qxc5 18.c4 bxc3 19.Nxc3 O-O 20.Qe2 Qb4 21.Bg3 Nc5 22.h5 Nxd3 23.Rxd3 g5
24.f3 Rfc8 25.Rf1 Rab8 26.Nd1 Qxa4 27.Ne3 Qb5 28.Ng4 Nf5 29.Bf2 Qxb2 30.Qxb2 Rxb2
31.Ra1 Rcc2  0-1

[Event "URS-ch (Women)"]
[Site "Tbilisi"]
[Date "1979.??.??"]
[Round "13"]
[White "Kozlovskaya, Valentina"]
[Black "Gaprindashvili, Nona"]
[Result "1/2-1/2"]
[WhiteElo "2265"]
[BlackElo "2405"]

1.d4 Nf6 2.c4 c5 3.d5 b5 4.cxb5 a6 5.bxa6 Bxa6 6.Nc3 d6 7.Nf3 g6 8.e4 Bxf1
9.Kxf1 Nbd7 10.g3 Bg7 11.Kg2 O-O 12.h3 Qc7 13.Be3 Rfb8 14.Qc2 Qb7 15.Rab1 Ne8
16.Rhc1 Nc7 17.a3 Qa6 18.Qd1 Rb7 19.Rc2 Qc4 20.Nd2 Qd3 21.Nf3 Qxd1 22.Rxd1 Bxc3
23.bxc3 Rxa3 24.c4 Na6 25.Rcc1 Nb4 26.Rb1 f6 27.Bd2 Kf7 28.Bxb4 cxb4 29.Nd4 Nc5
30.Nc6 Ra8 31.Rxb4 Rxb4 32.Nxb4 Nxe4 33.f3 Rb8 34.fxe4 Rxb4 35.Rc1 Rb3 36.Kf2 Rd3
37.c5 dxc5 38.Rxc5 g5 39.Ra5 h5 40.Ra7 f5 41.exf5 Rxd5 42.g4 Rd2+ 43.Kf3 Rd3+
44.Kg2 Rd2+  1/2-1/2

[Event "URS-ch (Women)"]
[Site "Tbilisi"]
[Date "1979.??.??"]
[Round "14"]
[White "Gaprindashvili, Nona"]
[Black "Zaitseva, Ludmila G"]
[Result "1-0"]
[WhiteElo "2405"]
[BlackElo "2210"]

1.e4 c6 2.d4 d5 3.Nc3 dxe4 4.Nxe4 Nd7 5.Bc4 Ngf6 6.Ng5 e6 7.Qe2 Nb6 8.Bd3 h6
9.N5f3 c5 10.dxc5 Bxc5 11.Ne5 Nbd7 12.Ngf3 Nxe5 13.Nxe5 O-O 14.Bd2 Qd5 15.O-O-O Qxa2
16.c3 Qa1+ 17.Kc2 Qa4+ 18.Kb1 Rb8 19.Bc2 Qa6 20.Qf3 b5 21.Bxh6 b4 22.Bxg7 b3
23.Bd3 Qa2+ 24.Kc1 Qa1+ 25.Bb1 Ba3 26.Nc4 Bxb2+ 27.Nxb2 Bb7 28.Qxf6 Be4 29.Rd3 Bxd3
30.Nxd3 b2+ 31.Kd2  1-0

[Event "URS-ch (Women)"]
[Site "Tbilisi"]
[Date "1979.??.??"]
[Round "16"]
[White "Gaprindashvili, Nona"]
[Black "Kobaidze, Tsiuri"]
[Result "1-0"]
[WhiteElo "2405"]
[BlackElo "2150"]

1.e4 d6 2.d4 Nf6 3.Nc3 g6 4.f4 Bg7 5.Nf3 O-O 6.Bd3 Nc6 7.O-O Bg4 8.e5 dxe5
9.dxe5 Nd5 10.h3 Nxc3 11.bxc3 Bf5 12.Be3 Qc8 13.Qe2 f6 14.g4 Bxd3 15.Qxd3 fxe5
16.Qc4+ e6 17.Ng5 Na5 18.Qe4 Qe8 19.f5 Qc6 20.Qxc6 Nxc6 21.Nxe6 Rf7 22.Rad1 gxf5
23.gxf5 Bf6 24.Kf2 Re8 25.Ke2 b6 26.Bg5 Bxg5 27.Nxg5 Rf6 28.Ne4 Rf7 29.f6 h6
30.Rg1+ Kh7 31.Kf3 Nd8 32.Kg4 Ne6 33.Kf5 Nf4 34.h4 a5 35.Rd2 Nh5 36.Rh2  1-0

[Event "URS-ch (Women)"]
[Site "Tbilisi"]
[Date "1979.??.??"]
[Round "17"]
[White "Stupina, Elena"]
[Black "Gaprindashvili, Nona"]
[Result "0-1"]
[WhiteElo "2000"]
[BlackElo "2405"]

1.e4 g6 2.d4 c6 3.Nc3 d5 4.e5 Bg7 5.f4 h5 6.Bd3 Nh6 7.Nf3 Bg4 8.h3 Bxf3 9.Qxf3 e6
10.g3 Nf5 11.Ne2 Nd7 12.Be3 Qb6 13.O-O-O Nxe3 14.Qxe3 c5 15.c3 O-O-O 16.Kb1 Kb8
17.Qf3 Bf8 18.Bc2 Qb5 19.Ka1 Rc8 20.Bd3 c4 21.Bc2 Rc6 22.Rb1 Qa5 23.b4 cxb3
24.Rxb3 Ra6 25.Nc1 Ba3 26.Bd3 Rb6 27.Bc2 Rc8 28.Ne2 a6 29.Rhb1 Rxb3 30.Bxb3 Nb6
31.g4 hxg4 32.hxg4 Rh8 33.Rh1 Rxh1+ 34.Qxh1 Qb5 35.Nc1 a5  0-1

[Event "URS Spartakiad"]
[Site "URS"]
[Date "1979.??.??"]
[Round "?"]
[White "Litinskaya, Marta I"]
[Black "Gaprindashvili, Nona"]
[Result "1-0"]
[WhiteElo "2265"]
[BlackElo "2405"]

1.d4 Nf6 2.Nf3 c5 3.c4 cxd4 4.Nxd4 Nc6 5.Nc3 e6 6.Ndb5 d6 7.Bf4 e5 8.Bg5 a6
9.Na3 Be7 10.Qd2 O-O 11.Rd1 Be6 12.e3 Ne8 13.Bxe7 Qxe7 14.Be2 Rd8 15.Bf3 f5
16.Bd5 Nf6 17.Nc2 Kh8 18.Bxe6 Qxe6 19.b3 Qf7 20.O-O Qh5 21.f3 Qg6 22.Rf2 h5
23.Qe1 Nh7 24.Rfd2 Ng5 25.Kh1 Nf7 26.Nd5 Qh6 27.Ncb4 Nxb4 28.Nxb4 h4 29.h3 Rde8
30.Qf2 Re6 31.f4 exf4 32.exf4 Rfe8 33.Nc2 Re4 34.Rf1 Kg8 35.Kh2 Qf6 36.Nd4 Nh6
37.Kg1 Qe7 38.Nc2 Nf7 39.Nb4 Qf6 40.Nd5 Qd8 41.Rfd1 R8e6 42.Nc3 Re3 43.Ne2 Qf6
44.Nd4 R6e4 45.Nf3 g5 46.fxg5 Nxg5 47.Nxg5 Qxg5 48.Rxd6 f4 49.Rd8+ Kf7 50.R8d7+ Ke8
51.Qd2 Re2 52.Rd8+ Kf7 53.Rd7+ Ke8 54.Rd8+ Kf7 55.Qd7+ Re7 56.Qd5+ Qxd5 57.R8xd5 Kf6
58.Rf1 R7e4 59.Rh5 Rxa2 60.Rxh4 Ke5 61.Rh8 Kf6 62.Rf8+ Kg5 63.Rg8+ Kf5 64.h4 Rb2
65.h5 Rxb3 66.h6 Re7 67.g4+ Ke4 68.Re1+ Kf3 69.Rxe7 Kg3 70.Kf1 f3 71.Rf8 Rb1+
72.Re1 Rb2 73.Rc1 Rh2 74.Ke1  1-0

[Event "URS Spartakiad"]
[Site "URS"]
[Date "1979.??.??"]
[Round "?"]
[White "Gaprindashvili, Nona"]
[Black "Muslimova, Aida E"]
[Result "1-0"]
[WhiteElo "2405"]
[BlackElo "2135"]

1.e4 g6 2.d4 Bg7 3.Nc3 c6 4.f4 d5 5.e5 Nh6 6.Nf3 Bg4 7.Be2 O-O 8.O-O f6 9.h3 Bxf3
10.Bxf3 fxe5 11.fxe5 e6 12.Ne2 Qe7 13.a4 Nd7 14.Bf4 g5 15.Be3 Nf5 16.Qd2 Bh6
17.Bg4 Nxe3 18.Qxe3 Rxf1+ 19.Rxf1 Rf8 20.Rxf8+ Nxf8 21.Ng3 Bg7 22.Nh5 b6
23.c3 c5 24.Kh2 cxd4 25.cxd4 Qd8 26.Qc3 Qd7 27.Qc1 h6 28.Qc2 Qb7 29.b4 Qf7
30.Qc8 Qe7 31.a5 bxa5 32.bxa5 Qf7 33.Qd8 Bh8 34.a6 Bg7 35.Qc8 Qe7 36.Qb7 Qf7
37.Qb8 Kh7 38.Ng3 Kg8 39.Bh5 Qd7 40.Be8 Qe7 41.Nh5 g4 42.Qb7 Qg5  1-0

[Event "URS Spartakiad"]
[Site "URS"]
[Date "1979.??.??"]
[Round "?"]
[White "Khalafian, Erua"]
[Black "Gaprindashvili, Nona"]
[Result "0-1"]
[WhiteElo "2000"]
[BlackElo "2405"]

1.e4 c5 2.Nf3 e6 3.d4 cxd4 4.Nxd4 Nf6 5.Nc3 Nc6 6.g3 d5 7.exd5 exd5 8.Bg2 Be7
9.O-O O-O 10.Re1 Bg4 11.Nxc6 bxc6 12.Qd3 Be6 13.Ne2 Ng4 14.Nd4 Qb6 15.h3 Bf6
16.c3 Ne5 17.Qc2 Bd7 18.Nb3 Nc4 19.Be3 Nxe3 20.Rxe3 Rab8 21.Re2 a5 22.Rd1 Rfe8
23.Rxe8+ Rxe8 24.Kh2 g6 25.Nd4 a4 26.b4 c5 27.bxc5 Qxc5 28.Qb2 Rc8 29.Rd3 Kg7
30.Qb7 Bxd4 31.cxd4 Qb5 32.Qxb5 Bxb5 33.Rd2 Bc4 34.a3 Rb8 35.Bf3 Rb3 36.Be2 Rxa3
37.Bxc4 dxc4 38.Rc2 c3 39.Kg2 Kf6 40.Kf3 Ke6 41.Ke4 f5+ 42.Kd3 Kd5 43.f4 Rb3
44.g4 Rb2 45.Rxc3 Rb3  0-1

[Event "URS Spartakiad"]
[Site "URS"]
[Date "1979.??.??"]
[Round "?"]
[White "Gaprindashvili, Nona"]
[Black "Guseva, E."]
[Result "1-0"]
[WhiteElo "2405"]
[BlackElo "2000"]

1.g3 Nc6 2.Bg2 Nf6 3.e4 e5 4.Nc3 Bb4 5.Nge2 O-O 6.O-O a6 7.d3 d6 8.h3 h6
9.Kh2 Bc5 10.f4 Kh7 11.Bd2 Nd4 12.Nxd4 Bxd4 13.Qf3 Bd7 14.Rae1 Qc8 15.Nd1 Ng4+
16.Kh1 Nf6 17.g4 Ng8 18.f5 Qd8 19.Qg3 g5 20.Bf3 f6 21.h4 Kg7 22.Re2 Ne7 23.Rh2 Rh8
24.Kg2 Nc6 25.Rfh1 Qe7 26.Rh3 Rh7 27.Be3 Rah8 28.c3 Bxe3 29.Nxe3 Qf7 30.Nd5 Bc8
31.hxg5 hxg5 32.Rxh7+ Rxh7 33.Rxh7+ Kxh7 34.Qh2+ Kg7 35.Qh5 Qxh5 36.gxh5 Nd8
37.Nxc7 Bd7 38.Bd1 b6 39.Nd5 Be8 40.Nxb6 Nb7 41.Nd5 Nc5 42.h6+ Kxh6 43.Nxf6 Bf7
44.d4 exd4 45.cxd4 Nd3 46.Bb3 Kg7 47.Nd7 Nxb2 48.e5 dxe5 49.dxe5 Bxb3 50.axb3 Nd3
51.e6 Nf4+ 52.Kf3 Nd5 53.Kg4  1-0

[Event "URS Spartakiad"]
[Site "URS"]
[Date "1979.??.??"]
[Round "?"]
[White "Gaprindashvili, Nona"]
[Black "Agababian, Naira"]
[Result "1/2-1/2"]
[WhiteElo "2405"]
[BlackElo "2200"]

1.g3 Nf6 2.Bg2 d5 3.d3 Bf5 4.Nd2 c6 5.e3 e6 6.b3 Be7 7.Bb2 a5 8.a3 Na6 9.Ngf3 h6
10.O-O O-O 11.Ne5 Nd7 12.e4 Bh7 13.Nxd7 Qxd7 14.Qg4 f6 15.Nf3 Bc5 16.Rfe1 Qf7
17.exd5 exd5 18.Nd4 Nc7 19.Nf5 Kh8 20.h4 Qg6 21.Bh3 Qxg4 22.Bxg4 h5 23.Bh3 Rfe8
24.Kg2 Kg8 25.Bc3 Rxe1 26.Bxe1 Kf7 27.Bc3 g6 28.Nd4 g5 29.hxg5 fxg5 30.Kf1 Bg6
31.Nf3 g4 32.Ne5+ Kg7 33.Nd7+ d4 34.Nxc5 dxc3 35.Bg2 Nb5 36.Nxb7 Nd4 37.Nc5 Re8
38.Ne4 Rf8 39.Rc1 Bxe4 40.Bxe4 c5 41.Kg2 Kf6 42.f3  1/2-1/2

[Event "URS Spartakiad"]
[Site "URS"]
[Date "1979.??.??"]
[Round "?"]
[White "Fatalibekova, Elena"]
[Black "Gaprindashvili, Nona"]
[Result "1-0"]
[WhiteElo "2290"]
[BlackElo "2405"]

1.e4 c5 2.Nf3 e6 3.c3 Nf6 4.e5 Nd5 5.d4 cxd4 6.cxd4 d6 7.a3 Be7 8.Bd3 Nc6
9.O-O b6 10.Qc2 Bb7 11.Nc3 Nxc3 12.bxc3 dxe5 13.dxe5 Qc7 14.Be4 O-O-O 15.a4 Na5
16.Bf4 Bxe4 17.Qxe4 Qc6 18.Qb1 Qc4 19.Nd4 Rd5 20.Be3 Kb7 21.Nb5 Qd3 22.Qa2 Rc8
23.Rab1 Rc6 24.Qa1 Nc4 25.Rfd1 Qe4 26.a5 Nxe3 27.fxe3 Qxe5 28.axb6 a6 29.Rxd5 Qxd5
30.Nd4 Rxb6 31.Rxb6+ Kxb6 32.Qb1+ Kc7 33.Qxh7 e5 34.Nf3 Qd1+ 35.Kf2 Bf6 36.Qe4 Qd6
37.Qc4+ Kb6 38.Qxf7 e4 39.Nd4 Bh4+ 40.Ke2 Bf6 41.Qb3+ Ka7 42.Qf7+ Kb6 43.Qe8 Qc7
44.Kd2 Be5 45.Qe6+ Qd6 46.Qb3+ Ka7 47.h3 Qg6 48.g4 Bxd4 49.cxd4 Qf6 50.Qc3 Qf2+
51.Kc1 Qf1+ 52.Kb2 Qb5+ 53.Ka3 g5 54.Qc7+ Ka8 55.Qd8+ Kb7 56.Qe7+ Kc8 57.Qxe4 Qa5+
58.Kb3 Qb5+ 59.Kc3 Qa5+ 60.Kd3 Qb5+ 61.Kd2 Qb4+ 62.Ke2 a5 63.Qc6+ Kb8 64.d5 a4
65.d6 Qb2+ 66.Kf1 Qb1+ 67.Kf2 Qb2+ 68.Kg3 Qe2 69.Qb6+ Ka8 70.Qd4 a3 71.d7 Qe1+
72.Kf3 Qf1+ 73.Ke4 Qb1+ 74.Ke5  1-0

[Event "URS Spartakiad"]
[Site "URS"]
[Date "1979.??.??"]
[Round "?"]
[White "Akhmilovskaya, Elena"]
[Black "Gaprindashvili, Nona"]
[Result "1-0"]
[WhiteElo "2295"]
[BlackElo "2405"]

1.Nf3 Nf6 2.c4 e6 3.g3 b6 4.Bg2 Bb7 5.O-O c5 6.d4 cxd4 7.Qxd4 d6 8.Nc3 Be7
9.b3 O-O 10.Ba3 d5 11.Bxe7 Qxe7 12.cxd5 Nxd5 13.Nxd5 Bxd5 14.Rac1 Nc6 15.Qg4 Qb4
16.Qh5 g6 17.Qh6 Bxf3 18.Rc4 Qe7 19.Bxf3 Nd4 20.Bxa8 Rxa8 21.Qe3 Rd8 22.Rfc1 Rd7
23.Rc8+ Kg7 24.Re8 Qa3 25.Rcc8 Qxa2 26.Rg8+ Kf6 27.Qf4+ Nf5 28.g4 Qa1+ 29.Kg2 e5
30.Rc6+  1-0

[Event "Hoogovens"]
[Site "Wijk aan Zee"]
[Date "1979.??.??"]
[Round "4"]
[White "Andersson, Ulf"]
[Black "Gaprindashvili, Nona"]
[Result "1-0"]
[WhiteElo "2560"]
[BlackElo "2405"]

1.Nf3 Nf6 2.c4 c5 3.g3 b6 4.Bg2 Bb7 5.O-O e6 6.Nc3 Be7 7.d4 cxd4 8.Qxd4 Nc6
9.Qf4 a6 10.Rd1 d6 11.b3 Qc7 12.Ba3 Rd8 13.Rd2 O-O 14.Rad1 Ne8 15.e4 Ba8
16.Qe3 Nf6 17.h3 Rfe8 18.e5 dxe5 19.Bxe7 Rxd2 20.Rxd2 Rxe7 21.Nxe5 Qxe5 22.Qxe5 Nxe5
23.Bxa8 Rd7 24.Rxd7 Nexd7 25.f4 Kf8 26.Kf2 Ke7 27.Ke3 Kd6 28.b4 Kc7 29.Bf3 Ne8
30.g4 h6 31.Kd4 Nd6 32.a3 Nc8 33.Ne4 Ne7 34.c5 bxc5+ 35.Nxc5 Nxc5 36.Kxc5 Ng6
37.f5 Ne5 38.Be2 Nd7+ 39.Kd4 Kb6 40.fxe6 fxe6 41.Bc4 Nf8 42.Ke5 a5 43.bxa5+ Kxa5
44.Bd3 Nd7+ 45.Kd6 Nb6 46.Kxe6 g5 47.Bf1 Ka4 48.Kf5 Nd5 49.Kg6 Ne3 50.Kxh6 Nxf1
51.Kxg5 Ne3 52.h4  1-0

[Event "Hoogovens"]
[Site "Wijk aan Zee"]
[Date "1979.??.??"]
[Round "5"]
[White "Gaprindashvili, Nona"]
[Black "Miles, Anthony J"]
[Result "1/2-1/2"]
[WhiteElo "2405"]
[BlackElo "2560"]

1.e4 c5 2.Nf3 e6 3.Nc3 a6 4.g3 b5 5.Bg2 Bb7 6.d3 Nc6 7.O-O d6 8.Re1 Nf6 9.e5 dxe5
10.Nxe5 Qc7 11.Nxc6 Bxc6 12.a4 Rc8 13.axb5 axb5 14.Bf4 Qb7 15.Bxc6+ Rxc6
16.Qf3 b4 17.Ra7 Qxa7 18.Qxc6+ Qd7 19.Qa8+ Qd8 20.Qa4+ Qd7 21.Nb5 Be7 22.Nc7+ Kf8
23.Qxd7 Nxd7 24.Ra1 g5 25.Be3 Kg7 26.Ra7 Rd8 27.Na6 Kg6 28.Rb7 Bd6 29.d4 cxd4
30.Bxd4 Nb8 31.Nxb8 Rxb8 32.Rxb8 Bxb8  1/2-1/2

[Event "Hoogovens"]
[Site "Wijk aan Zee"]
[Date "1979.??.??"]
[Round "9"]
[White "Gaprindashvili, Nona"]
[Black "Garcia, Gildardo"]
[Result "1/2-1/2"]
[WhiteElo "2405"]
[BlackElo "2490"]

1.e4 c5 2.Nf3 e6 3.d4 cxd4 4.Nxd4 Nc6 5.Nc3 a6 6.g3 d6 7.Bg2 Bd7 8.O-O Nf6
9.Nxc6 bxc6 10.Qe2 e5 11.Nd1 Be7 12.Ne3 O-O 13.b3 Ne8 14.Bb2 Be6 15.f4 f6
16.Rad1 Qb6 17.Kh1 a5 18.a4 Nc7 19.Ba3 Rad8 20.Rd2 Rd7 21.Rfd1 Rfd8 22.Bf3 Kh8
23.Rd3 exf4 24.gxf4 Bf8 25.Bg4 d5 26.Bb2 d4 27.Bxe6 Nxe6 28.Qg4 c5 29.Nc4 Qc6
30.Re1 Ra7 31.Bc1 Re8 32.Bd2 Qa8 33.Rh3 Kg8 34.Qf5 g6 35.Rg3 Ng5 36.Qd5+ Qxd5
37.exd5 Rxe1+ 38.Bxe1 Ne4 39.Rg2 Rd7 40.Bxa5 Rxd5 41.Re2 f5 42.Bb6 d3 43.cxd3 Rxd3
44.a5 Rd1+ 45.Kg2 Ra1 46.Rc2 Kf7 47.Nd2 Nxd2 48.Rxd2 Ke6 49.Re2+ Kd5 50.Re5+ Kc6
51.Re8 Bd6 52.Rh8 Ra2+ 53.Kg1 Ra3 54.Rxh7 Rxb3 55.Rh8 Bxf4 56.Rc8+ Kb7 57.Rg8 c4
58.Rg7+ Kc6 59.Rxg6+ Kd5 60.Kf2 c3 61.Be3 Rb2+ 62.Kf3 Bxe3 63.Kxe3 Rxh2  1/2-1/2

[Event "Hoogovens"]
[Site "Wijk aan Zee"]
[Date "1979.??.??"]
[Round "10"]
[White "Hort, Vlastimil"]
[Black "Gaprindashvili, Nona"]
[Result "1-0"]
[WhiteElo "2600"]
[BlackElo "2405"]

1.d4 Nf6 2.c4 c5 3.d5 b5 4.cxb5 a6 5.bxa6 Bxa6 6.Nc3 d6 7.Nf3 g6 8.e4 Bxf1
9.Kxf1 Bg7 10.g3 O-O 11.Kg2 Na6 12.Qe2 Qb6 13.Rd1 Rfb8 14.Rb1 Nd7 15.Bf4 Nc7
16.e5 Re8 17.b3 Qb7 18.Rbc1 Nb6 19.Qd3 Red8 20.Bg5 dxe5 21.Bxe7 Rd7 22.d6 f5
23.Qe2 Ne6 24.Kg1 e4 25.Nb5 h6 26.b4 cxb4 27.Nfd4 Nxd4 28.Nxd4 Nc8 29.Nc6 Kh7
30.Qc4 Nxe7 31.dxe7 Rxe7 32.Nxe7 Qxe7 33.Qc7 Ra7 34.Qxe7 Rxe7 35.Rc6 Be5
36.Rd5 h5 37.Rb5 h4 38.Kg2 g5 39.Rcc5 e3 40.Rxe5  1-0

[Event "Hoogovens"]
[Site "Wijk aan Zee"]
[Date "1979.??.??"]
[Round "11"]
[White "Gaprindashvili, Nona"]
[Black "Ree, Hans"]
[Result "1/2-1/2"]
[WhiteElo "2405"]
[BlackElo "2480"]

1.e4 e6 2.d4 d5 3.Nc3 Nf6 4.e5 Nfd7 5.f4 c5 6.Nf3 Nc6 7.Be3 Qb6 8.Be2 cxd4
9.Nxd4 Bc5 10.Na4 Qa5+ 11.c3 Nxd4 12.Bxd4 Bxd4 13.Qxd4 b6 14.Bd1 Qb5 15.b4 a5
16.Nb2 axb4 17.cxb4 Ra3 18.Be2 Qc6 19.O-O O-O 20.Rfc1 Qa8 21.Bb5 Qa7 22.h3 h6
23.Kh2 Rd8 24.Rc2 Ba6 25.Ba4 Bd3 26.Rc3 Rxc3 27.Qxc3 Be4 28.Rc1 b5 29.Bc2 Qf2
30.Bxe4 Qxf4+ 31.Kh1 dxe4 32.Rd1 Qg5 33.Qc7 e3 34.Rxd7 Rxd7 35.Qxd7 Qxe5
36.Nd3 Qc3 37.Qxb5 e2 38.a4 Qxd3 39.Qxd3 e1=Q+ 40.Kh2 Qxb4 41.Qd8+ Kh7 42.a5 Qf4+
43.Kg1 Qe3+ 44.Kf1 Qf4+ 45.Ke2 Qe4+ 46.Kf2  1/2-1/2

[Event "Malta ol (Women)"]
[Site "La Valetta"]
[Date "1980.??.??"]
[Round "?"]
[White "Gaprindashvili, Nona"]
[Black "Crotto, Rachel"]
[Result "0-1"]
[WhiteElo "2375"]
[BlackElo "2115"]

1.e4 c5 2.Nf3 e6 3.d4 cxd4 4.Nxd4 Nc6 5.Nb5 d6 6.c4 Nf6 7.N1c3 a6 8.Na3 Be7
9.Be2 O-O 10.O-O Bd7 11.f4 d5 12.exd5 exd5 13.Bf3 Bc5+ 14.Kh1 Nb4 15.Nc2 Ng4
16.Bxg4 Bxg4 17.Qxg4 Nxc2 18.f5 Nxa1 19.Nxd5 Kh8 20.b4 Bd6 21.Bb2 f6 22.Bxa1 Re8
23.Bd4 b5 24.Nb6 Ra7 25.c5 Bb8 26.Bg1 Rae7 27.Rd1 Re1 28.Rxd8 Rxd8 29.g3 Rdd1
30.Kg2 Rxg1+ 31.Kh3 h6 32.Qf3 Bxg3 33.Qa8+ Kh7 34.hxg3 Rh1+ 35.Kg2 Rhg1+
36.Kh2 Rge1 37.Qg2 h5 38.Nd5 Rd4 39.Nf4 h4 40.Qh3 Rd2+ 41.Ng2 Kg8 42.gxh4  0-1